|
|
|
|
| LEADER |
00000cam a2200000 i 4500 |
| 003 |
Ucuenca |
| 005 |
20230308175152.0 |
| 006 |
a|||||r|||| ||1||| |
| 007 |
ta |
| 008 |
995010s1982 sp aaaafr|||||||1|||spa|a |
| 999 |
|
|
|c 49014
|d 49014
|
| 020 |
|
|
|a 84-486-0029-0
|
| 040 |
|
|
|b spa
|a UCuenca-cdrjbv
|c UCuenca
|e rda
|
| 041 |
1 |
|
|a spa
|
| 082 |
0 |
|
|a 610.73
|c 24144
|
| 100 |
1 |
|
|9 82263
|a Colliére, Marie Francoise
|e autor
|
| 245 |
1 |
0 |
|a Promover la vida /
|c Marie-Francoise Colliére.
|
| 250 |
|
|
|a primera edición.
|
| 264 |
|
|
|a Madrid:
|b Interamericana,
|c 1982.
|
| 300 |
|
|
|a xxii, 395 páginas:
|b ilu
|c 21 cm
|
| 336 |
|
|
|2 rdacontent
|a texto
|b txt
|
| 337 |
|
|
|2 rdamedia
|a no mediado
|b n
|
| 338 |
|
|
|2 rdacarrier
|a volumen
|b nc
|
| 504 |
|
|
|a incl. ref.
|
| 505 |
1 |
|
|a Origen de las prácticas de cuidados su influencia en la práctica de enfermería -- Identificación de los cuidados en la mujer -- Identificación de la práctica de los cuidados administrados por mujeres consagradas
|
| 650 |
1 |
7 |
|a Enfermería
|2 UCuenca-cdrjbv
|9 81560
|
| 650 |
2 |
7 |
|a Cuidados
|2 UCuenca-cdrjbv
|x enfermería
|9 274025
|
| 852 |
|
|
|a UC-SALUD
|f Compra
|l 1
|m General
|p 19950106
|q 112,590
|r 2
|t 24144
|v med
|w Enfermería
|y 224144
|b 0
|d CDRS
|e CDRS
|g 610.73 ESTANTERIA ABIERTA
|z 1995-50-10
|
| 942 |
|
|
|c BK
|2 ddc
|z denisse.artiles@ucuenca.edu.ec
|r daniel.carrión@ucuenca.edu.ec
|